000 00749nam a2200241Ia 4500
003 OSt
005 20221007074816.0
006 a|||||r|||| 00| 0
007 ta
008 221006b |||||||| |||| 00| 0 eng d
024 _a11,791
037 _cTextual
040 _aFLL
_cFLL
_beng
041 _2eng
_aeng
082 _aV2:12(X).N7, L9
110 _aBirla institue of scientific research economic research division
_9693204
245 0 _aCentre-state financial relations in India
260 _aNew Delhi
_bAbhinav pub. India
_c1979
300 _axii,176p
_ccm.
700 _aBirla institue of scientific research economic research division
_9693205
942 _hV2:12(X).N7, L9
_cTEXL
_2CC
999 _c1153752
_d1153752